[Event "Baden-ch U1400"]
[Site "Walldorf"]
[Date "2017.07.29"]
[Round "5"]
[White "Steiss, Bernd"]
[Black "Gan, Lukas Wentao"]
[Result "1/2-1/2"]
[WhiteElo "928"]
[BlackElo "1099"]
[PlyCount "47"]
[EventDate "2017.07.26"]
[EventType "swiss"]
[EventRounds "7"]
[EventCountry "GER"]
[SourceTitle "EXT 2018"]
[Source "ChessBase"]
[SourceDate "2017.10.13"]
[SourceVersion "1"]
[SourceVersionDate "2017.10.13"]
[SourceQuality "1"]

1. e4 e6 2. d4 d5 3. Nc3 Bb4 4. e5 c5 5. Nf3 Nc6 6. Bd2 cxd4 7. Nb5 Bc5 8. Bg5 f6 9. exf6 Nxf6 10. Nbxd4 Qb6 11. Be3 Qxb2 12. Nxc6 bxc6 13. Bxc5 Qc3+ 14. Nd2 Qxc5 15. Bd3 e5 16. 0-0 0-0 17. Nb3 Qe7 18. Re1 Nd7 19. Qg4 Nc5 20. Qg3 Nxd3 21. cxd3 Re8 22. Nd4 Qd6 23. Rac1 Bd7 24. Nf3 1/2-1/2

[Event "Baden-ch U1400"]
[Site "Walldorf"]
[Date "2017.07.28"]
[Round "3"]
[White "Steiss, Bernd"]
[Black "Goetzmann, Luca"]
[Result "1/2-1/2"]
[WhiteElo "928"]
[BlackElo "761"]
[PlyCount "76"]
[EventDate "2017.07.26"]
[EventType "swiss"]
[EventRounds "7"]
[EventCountry "GER"]
[SourceTitle "EXT 2018"]
[Source "ChessBase"]
[SourceDate "2017.10.13"]
[SourceVersion "1"]
[SourceVersionDate "2017.10.13"]
[SourceQuality "1"]

1. e4 e5 2. Nf3 Nc6 3. Bc4 Nf6 4. 0-0 Bc5 5. h3 d6 6. Nc3 Nd4 7. Nxd4 Bxd4 8. Qf3 0-0 9. Ne2 Bc5 10. d3 Be6 11. b3 Qd7 12. Bxe6 fxe6 13. Qg3 Rf7 14. Be3 Raf8 15. Bxc5 dxc5 16. Qe3 Qd6 17. f3 Nd7 18. Rf2 b6 19. Raf1 Nf6 20. c4 a5 21. f4 Nh5 22. fxe5 Qe7 23. Rxf7 Rxf7 24. Rxf7 Qxf7 25. d4 cxd4 26. Qxd4 h6 27. Qd8+ Kh7 28. Qh4 Kh8 29. Kh2 Kg8 30. a3 c5 31. Ng3 Nxg3 32. Kxg3 Qg6+ 33. Kh2 Kh7 34. Qg4 Qxg4 35. hxg4 Kg6 36. Kg3 Kg5 37. Kf3 Kh4 38. g3+ Kh3 1/2-1/2

[Event "Baden-ch U1400"]
[Site "Walldorf"]
[Date "2017.07.26"]
[Round "1"]
[White "Steiss, Bernd"]
[Black "Lohrmann, Linus"]
[Result "0-1"]
[WhiteElo "928"]
[BlackElo "1362"]
[PlyCount "50"]
[EventDate "2017.07.26"]
[EventType "swiss"]
[EventRounds "7"]
[EventCountry "GER"]
[SourceTitle "EXT 2018"]
[Source "ChessBase"]
[SourceDate "2017.10.13"]
[SourceVersion "1"]
[SourceVersionDate "2017.10.13"]
[SourceQuality "1"]

1. e4 e5 2. Nf3 Nc6 3. Bc4 Bc5 4. c3 Nf6 5. d4 exd4 6. Nxd4 Nxe4 7. 0-0 d5 8. Nxc6 bxc6 9. Bb3 Ba6 10. c4 Qf6 11. Be3 Qxb2 12. Bxc5 Nxc5 13. Re1+ Ne4 14. Nd2 0-0 15. cxd5 Qxd2 16. Rxe4 Qxd1+ 17. Rxd1 cxd5 18. Rxd5 Bb7 19. Re7 Bxd5 20. Bxd5 Rad8 21. Bb3 Kh8 22. g3 f5 23. Rxc7 f4 24. g4 f3 25. Rc2 Rd1# 0-1